| 000 | 00667nam a22002291 4500 | ||
|---|---|---|---|
| 001 | 134114 | ||
| 003 | ES-MaACL | ||
| 005 | 20240208211724.0 | ||
| 007 | t| | ||
| 008 | 070905s1959 sp ||||0| spa d | ||
| 016 | 7 | _zIND2000943506 | |
| 040 |
_aM-BN _bspa _cCDM |
||
| 080 | _a(038)=00 | ||
| 100 | 1 |
_aWestermann, Richard. _9116565 |
|
| 245 | 1 | 0 |
_aVocabulario metódico _b: alemán-español-inglés / _cRichard Westermann. |
| 260 |
_aBarcelona : _bHerder : _b[Grafesa], _c1959. |
||
| 300 |
_a294 p. ; _c20 cm. |
||
| 650 | 1 | 4 |
_aDiccionarios políglotas _911876 |
| 852 |
_aES-MaACL _jC-16021 _bR.44026 |
||
| 999 |
_c134114 _d134114 |
||